000 00243nam a2200097Ia 4500
001 692050
005 20250826161847.0
008 250824s9999 xx 000 0 und d
245 0 _aCANIMA SUSUYORUM
_cMEHMET ERCAN
260 _bHAYY KİTAP YAYINLARI
999 _c692050
_d692050